000 00405nam a2200181Ia 4500
008 151202s9999||||xx |||||||||||||| ||und||
082 _bPNVM-54071
100 _aHIGGINS JACK.
245 _aTouch the Drvil.
260 _b---
260 _c0
300 _a0
600 _aHIGGINS JACK.
630 _aTouch the Drvil.
700 _aHIGGINS JACK.
730 _aTouch the Drvil.
942 _cBOOK
999 _c1320610
_d1320607